000 00805nam a22002177a 4500
999 _c61659
_d61659
005 20240411122527.0
008 240411s2005 enk||||| |||| 00| 0 eng d
020 _a9780198508977x
041 _aeng
080 _a616.08-039.75 O-97
245 _aOxford Handbook of Palliative Care /
_cMax Watson, Caroline Lucas, Andrew Hoy, Ian Back.
264 _a‎Oxford :
_bOxford University Press,
_c2005.
300 _a820 p.;
_b19 cm.
653 _aპალიატიური მზრუნველობა
653 _aმედიცინა
700 _aWatson, Max
_eავტორი
_921764
700 _aLucas, Caroline
_eავტორი
_921765
700 _a Hoy, Andrew
_eავტორი
_921766
700 _aBack, Ian
_eავტორი
_921767
942 _2udc
_cᲬᲘᲒᲜᲘ